Statistiken für Deutsche Städte mit mindestens 100k Einwohnern

Klicken Sie hier um das Quiz zu spielen!

Allgemein

  • Dieses Quiz wurde 255 mal gespielt
  • Das Durchschnittsergebnis liegt bei 55 aus 80

Antwortstatistiken

EinwohnerStadt% Korrekt
3.677.472Berlin
99%
1.853.935Hamburg
98%
1.073.096Köln
97%
1.487.708München
97%
626.275Stuttgart
97%
759.224Frankfurt
96%
601.866Leipzig
95%
563.290Bremen
94%
555.351Dresden
94%
619.477Düsseldorf
94%
586.852Dortmund
93%
579.432Essen
92%
535.932Hannover
92%
246.243Kiel
92%
510.632Nürnberg
87%
217.556Mainz
85%
213.227Erfurt
83%
183.154Potsdam
83%
208.400Rostock
83%
231.848Freiburg
82%
306.502Karlsruhe
82%
123.949Wolfsburg
81%
311.831Mannheim
80%
179.634Saarbrücken
80%
296.478Augsburg
79%
110.502Jena
79%
363.441Bochum
78%
495.152Duisburg
78%
260.126Gelsenkirchen
78%
236.188Magdeburg
78%
249.070Aachen
77%
243.105Chemnitz
76%
278.950Wiesbaden
76%
334.002Bielefeld
75%
331.885Bonn
75%
317.713Münster
75%
238.061Halle
74%
138.016Ingolstadt
74%
248.823Braunschweig
73%
200.406Kassel
73%
153.542Regensburg
71%
163.851Leverkusen
70%
354.572Wuppertal
69%
129.122Fürth
67%
113.173Bremerhaven
66%
216.277Lübeck
66%
165.034Osnabrück
66%
159.245Heidelberg
65%
126.933Würzburg
65%
159.631Darmstadt
64%
261.001Mönchengladbach
64%
126.949Ulm
64%
152.531Paderborn
62%
170.389Oldenburg
61%
110.570Trier
60%
113.638Koblenz
58%
116.557Göttingen
57%
208.752Oberhausen
56%
131.295Offenbach
55%
113.292Erlangen
54%
179.238Hamm
54%
227.050Krefeld
53%
172.145Ludwigshafen
52%
111.645Bergisch Gladbach
51%
188.713Hagen
49%
125.613Heilbronn
45%
158.957Solingen
45%
125.529Pforzheim
44%
110.714Recklinghausen
44%
116.456Reutlingen
44%
100.319Hildesheim
43%
101.516Siegen
43%
117.311Bottrop
42%
170.739Mülheim
42%
156.621Herne
40%
152.731Neuss
40%
101.158Gütersloh
39%
111.770Remscheid
36%
103.725Moers
34%
103.694Salzgitter
30%

Verteilung der Resultate

Perzentil nach korrekt beantworteten Fragen

Anzahl Personen mit jedem Resultat

Ihre Resultats-Entwicklung

Sie haben dieses Quiz noch nicht gespielt